Trouve les paroles de Souldier de Jain - Statistiques

Statistiques générales
  • Ce quiz a été pris 3 fois
  • Le résultat moyen est 218 sur 259
Statistiques - réponses
Hint Réponse % Correct
. | .. a
100%
. A
100%
. all
100%
. | .. And
100%
. and
100%
. arms
100%
. around
100%
. As
100%
. Bearing
100%
. can
100%
. down
100%
dreams
100%
. eyes
100%
fights
100%
for
100%
. he
100%
. He
100%
. He's
100%
. he's
100%
. | .. him
100%
. his
100%
. I
100%
. in
100%
. | .. love
100%
. my
100%
. nobody
100%
now
100%
. roses
100%
. saw
100%
. | .. souldier
100%
. Spreading
100%
. stop
100%
. street
100%
. the
100%
. walks
100%
. with
100%
. Yeah
100%
. yes
100%
. | .. Yes
100%
. always
33%
. fighting
33%
. flower
33%
. have
33%
. is
33%
. keep
33%
. make
33%
. mind
33%
. minds
33%
. more
33%
. must
33%
.. on
33%
. our
33%
. power
33%
. rainbow
33%
. right
33%
. smile
33%
. some
33%
. song
33%
. That
33%
. to
33%
. we
33%
. But
0%
Aucun quiz correspondant
Distribution des résultats
% des personnes avec chaque résultat
Percentile par nombre de réponses
Votre historique - résultats
Vous n’avez pas pris ce quiz